[Event "Buenos Aires Philidor CC Christmas"]
[Site "Buenos Aires"]
[Date "2019.12.19"]
[Round "6.4"]
[White "Gerola, Pablo"]
[Black "Buscia, Juan"]
[Result "0-1"]
[WhiteElo "2109"]
[BlackElo "1880"]
[PlyCount "62"]
[EventDate "2019.12.03"]
[EventType "swiss"]
[EventRounds "6"]
[EventCountry "ARG"]
[SourceTitle "EXT 2024"]
[Source "ChessBase"]
[SourceDate "2023.10.10"]
[SourceVersion "1"]
[SourceVersionDate "2023.10.10"]
[SourceQuality "1"]

1. c4 Nf6 2. Nc3 e6 3. Nf3 c5 4. d4 cxd4 5. Nxd4 a6 6. e4 Nc6 7. Be3 g6 8. Nxc6 bxc6 9. e5 Nh5 10. a3 a5 11. Be2 Ng7 12. Ne4 Be7 13. Nf6+ Kf8 14. Bd4 d5 15. c5 Nf5 16. 0-0 Kg7 17. Ng4 Nxd4 18. Qxd4 Ba6 19. Bxa6 Rxa6 20. b4 h5 21. Ne3 Qc7 22. Rab1 Rb8 23. Kh1 Qa7 24. g4 hxg4 25. Nxg4 axb4 26. axb4 Rh8 27. Ra1 Rh4 28. Rxa6 Qxa6 29. Kg2 Qe2 30. h3 Rxh3 31. Ra1 Qf3+ 0-1

[Event "Buenos Aires Szmetan Giardelli op"]
[Site "Buenos Aires"]
[Date "2018.12.10"]
[Round "7"]
[White "Acosta, Florencia Luz"]
[Black "Buscia, Juan"]
[Result "0-1"]
[WhiteElo "1765"]
[BlackElo "1537"]
[PlyCount "110"]
[EventDate "2018.12.04"]
[EventType "swiss"]
[EventRounds "9"]
[EventCountry "ARG"]
[SourceTitle "CBM 187 Extra"]
[Source "ChessBase"]
[SourceDate "2018.11.04"]
[SourceVersion "1"]
[SourceVersionDate "2018.11.04"]
[SourceQuality "1"]

1. e4 e5 2. Nf3 Nc6 3. Bb5 Nf6 4. d3 Bc5 5. Bg5 0-0 6. 0-0 d6 7. h3 h6 8. Bh4 Nd4 9. Nxd4 Bxd4 10. c3 Bb6 11. Kh1 g5 12. Bg3 Kg7 13. f3 Nh5 14. Bh2 Nf4 15. d4 Qf6 16. dxe5 dxe5 17. Na3 a6 18. Ba4 Rd8 19. Qc2 Be6 20. Rad1 Rxd1 21. Rxd1 Rd8 22. Rxd8 Qxd8 23. Bxf4 exf4 24. Bb3 Bxb3 25. axb3 Ba7 26. Nc4 b5 27. Ne5 Qd6 28. Ng4 Qc5 29. Qd1 h5 30. b4 Qd6 31. Qxd6 cxd6 32. Nh2 Be3 33. Nf1 Bc1 34. b3 Bb2 35. c4 Bc3 36. cxb5 axb5 37. Kg1 Kf6 38. Kf2 Ke5 39. g3 Kd4 40. h4 f6 41. g4 hxg4 42. h5 g3+ 43. Kg2 f5 44. exf5 Kd3 45. h6 Ke2 46. Nxg3+ fxg3 47. Kxg3 Bf6 48. Kg4 d5 49. Kh5 d4 50. Kg6 d3 51. Kxf6 d2 52. h7 d1Q 53. Kg6 Qd6+ 54. f6 Qf8 55. Kxg5 Kxf3 0-1

[Event "FICGS W-ch st1 g09 email"]
[Site "FICGS email"]
[Date "2009.02.03"]
[Round "1"]
[White "Kragujevcanin, Stole"]
[Black "Buscia, Juan"]
[Result "1-0"]
[WhiteElo "1843"]
[BlackElo "1596"]
[PlyCount "21"]
[EventDate "2009.??.??"]
[EventType "tourn (corr)"]
[EventRounds "8"]
[SourceTitle "Corr 2022"]
[Source "ChessBase"]
[SourceDate "2021.10.24"]
[SourceVersion "1"]
[SourceVersionDate "2021.10.24"]
[SourceQuality "1"]

1. e4 c5 2. Nf3 Nc6 3. d4 cxd4 4. Nxd4 Nf6 5. Nc3 e5 6. Ndb5 d6 7. Bg5 a6 8. Na3 b5 9. Bxf6 gxf6 10. Nd5 f5 11. c3 1-0

[Event "FICGS rapid C 000067 email"]
[Site "FICGS email"]
[Date "2009.01.29"]
[Round "1"]
[White "Bromo, Alexis"]
[Black "Buscia, Juan"]
[Result "1-0"]
[WhiteElo "1519"]
[BlackElo "1596"]
[PlyCount "21"]
[EventDate "2009.??.??"]
[EventType "tourn (rapid)"]
[EventRounds "4"]
[SourceTitle "Corr 2022"]
[Source "ChessBase"]
[SourceDate "2021.10.24"]
[SourceVersion "1"]
[SourceVersionDate "2021.10.24"]
[SourceQuality "1"]

1. e4 c5 2. Nf3 Nc6 3. d4 cxd4 4. Nxd4 Nf6 5. Nc3 e5 6. Nxc6 bxc6 7. Bc4 Bb4 8. Bd2 0-0 9. Qe2 Re8 10. Bxf7+ Kxf7 11. Qc4+ 1-0

[Event "FICGS class D 000113 email"]
[Site "FICGS email"]
[Date "2009.01.18"]
[Round "1"]
[White "Buscia, Juan"]
[Black "Schmidt, Michael"]
[Result "0-1"]
[WhiteElo "1596"]
[BlackElo "1569"]
[PlyCount "26"]
[EventDate "2009.??.??"]
[EventType "tourn (corr)"]
[EventRounds "6"]
[SourceTitle "Corr 2022"]
[Source "ChessBase"]
[SourceDate "2021.10.24"]
[SourceVersion "1"]
[SourceVersionDate "2021.10.24"]
[SourceQuality "1"]

1. c4 Nf6 2. Nc3 e6 3. Nf3 Bb4 4. Qb3 a5 5. a3 Bxc3 6. Qxc3 0-0 7. g3 d5 8. Bg2 Nc6 9. d4 dxc4 10. Qxc4 Qd5 11. Qxd5 Nxd5 12. 0-0 Re8 13. e4 Nf6 0-1

[Event "FICGS class D 000113 email"]
[Site "FICGS email"]
[Date "2009.01.18"]
[Round "1"]
[White "Lois, Spyros"]
[Black "Buscia, Juan"]
[Result "1-0"]
[WhiteElo "1765"]
[BlackElo "1596"]
[PlyCount "55"]
[EventDate "2009.??.??"]
[EventType "tourn (corr)"]
[EventRounds "6"]
[SourceTitle "Corr 2022"]
[Source "ChessBase"]
[SourceDate "2021.10.24"]
[SourceVersion "1"]
[SourceVersionDate "2021.10.24"]
[SourceQuality "1"]

1. e4 c5 2. Nf3 e6 3. d4 cxd4 4. Nxd4 Nf6 5. Nc3 d6 6. Be3 Nc6 7. g4 Nxd4 8. Bxd4 e5 9. Be3 Bxg4 10. Qd2 Bf3 11. Rg1 Nxe4 12. Bb5+ Ke7 13. Nd5+ Ke6 14. Qd3 Nxf2 15. Bxf2 Bxd5 16. 0-0-0 Bc6 17. Bxc6 bxc6 18. Qc4+ Kd7 19. Qxf7+ Kc8 20. Qc4 Qd7 21. Rg3 d5 22. Qa6+ Qb7 23. Qa4 g6 24. Rb3 Qd7 25. Qa6+ Kd8 26. Bh4+ Ke8 27. Bf6 Rg8 28. Rb7 1-0

[Event "FICGS theme 0000 email"]
[Site "FICGS email"]
[Date "2008.10.03"]
[Round "1"]
[White "Buscia, Juan"]
[Black "Engo, Arne Sigvald"]
[Result "0-1"]
[WhiteElo "1800"]
[BlackElo "1380"]
[PlyCount "46"]
[EventDate "2008.??.??"]
[EventType "swiss (corr)"]
[EventRounds "1"]
[SourceTitle "Corr 2022"]
[Source "ChessBase"]
[SourceDate "2021.10.24"]
[SourceVersion "1"]
[SourceVersionDate "2021.10.24"]
[SourceQuality "1"]

1. e4 e5 2. Nf3 Nc6 3. Bc4 Bc5 4. b4 Bxb4 5. c3 Bc5 6. d4 exd4 7. cxd4 Bb4+ 8. Nbd2 Nf6 9. e5 Ng4 10. 0-0 d6 11. h3 Nh6 12. Nb3 a6 13. Bxh6 gxh6 14. e6 fxe6 15. Bxe6 Bxe6 16. d5 Bxh3 17. Kh2 Bd7 18. Qe2+ Ne5 19. g3 Qf6 20. Nh4 0-0-0 21. Rac1 c6 22. dxc6 Nxc6 23. Rxc6+ Bxc6 0-1